LEADER 01159nam a2200205 i 4500 001 000000058880 003 CaOOAMICUS 005 20121128000000.0 008 121128s1901 it u000 u ita u 013 $a30052 040 $aSeMil$bita 100 1 $aCalandruccio, Giuseppe.$0(OLS)http://semarc/name/30035 245 10$aVade mecum del Parroco italiano, ossia manuale teorico-pratico di leggi ecclesiastico-civili riguardanti i Parroci con dettagliato commento della legge 4 giugno 1899 n. 191 sulle congrue parrocchiali e del relativo regolamento /$cParroco Giuseppe Calandruccio. 260 $aNapoli :$bÀncora,$c1901. 300 $a200 p. ;$c24 cm. 650 4$aParroco.$0(OLS)http://semarc/subject/4452 850 $aSeMil 852 $aSeMil$W1$xVenegono$y1$m2J III 14$j25033$B25033$CSeMilBibl$Z2$F25036 $81 996 $6245$aVade mecum del Parroco italiano, ossia manuale teorico-pratico di leggi ecclesiastico-civili riguardanti i Parroci con dettagliato commento della legge 4 giugno 1899 n. 191 sulle congrue parrocchiali e del relativo regolamento$9(OLS)http://semarc/title/91880 996 $6260$aNapoli :$bÀncora$9(OLS)http://semarc/publisher/42000 LEADER 01186nam a2200241 i 4500 001 000000074004 003 CaOOAMICUS 005 20260423165419.0 008 070402s1914 it u000 u ita u 040 $aSeMil$bita 100 1 $aZumbini, Bonaventura.$0(OLS)http://semarc/name/37209 245 10$aW. E. Gladstone nelle sue relazioni con l'Italia /$cB. Zumbini. 264 1$aBari :$bLaterza & Figli,$c1914. 300 $aXIX, 371 p. ;$c21 cm. 490 1 $aBiblioteca di cultura moderna 500 $aContiene: Politica e cultura di W. E. Gladstone. La quistione italina nel Parlamento inglese. Lettere al conte di Aberdeen. Discorsi parlamentari. Appendice: Lord John e Lady Russell 650 4$aGladstone, William Ewart <1809-1898> - Relazioni [con] l'Italia.$0(OLS)http://semarc/subject/15102 830 0$aBiblioteca di cultura moderna.$0(OLS)http://semarc/title/639 850 $aSeMil 852 $aSeMil$W1$xVenegono$y1$m3U I 741$j270824$B40156$CSeMilBibl$Z2$F40160 $81 996 $6245$aW. E. Gladstone nelle sue relazioni con l'Italia$9(OLS)http://semarc/title/120064 996 $6264$aBari :$bLaterza & Figli$9(OLS)http://semarc/publisher/29663